Introduction to electronic warfare modeling and simulation / (Record no. 219384)
[ view plain ]
| 000 -LEADER | |
|---|---|
| fixed length control field | 01038 a2200241 4500 |
| 003 - CONTROL NUMBER IDENTIFIER | |
| control field | Nust |
| 005 - DATE AND TIME OF LATEST TRANSACTION | |
| control field | 20220729124406.0 |
| 020 ## - INTERNATIONAL STANDARD BOOK NUMBER | |
| International Standard Book Number | 1-891121-62-6 |
| 020 ## - INTERNATIONAL STANDARD BOOK NUMBER | |
| International Standard Book Number | 978-1-891121-62-3 |
| 035 ## - SYSTEM CONTROL NUMBER | |
| System control number | (OCoLC)123538851 |
| 035 ## - SYSTEM CONTROL NUMBER | |
| System control number | (OCoLC)ocn123538851 |
| 040 ## - CATALOGING SOURCE | |
| Transcribing agency | Nust |
| 082 ## - DEWEY DECIMAL CLASSIFICATION NUMBER | |
| Classification number | 355.401,ADA |
| 100 1# - MAIN ENTRY--PERSONAL NAME | |
| Personal name | Adamy, David. |
| 9 (RLIN) | 28757 |
| 245 10 - TITLE STATEMENT | |
| Title | Introduction to electronic warfare modeling and simulation / |
| Statement of responsibility, etc. | David L. Adamy. |
| 250 ## - EDITION STATEMENT | |
| Edition statement | 1st SciTech Publishing ed. |
| 260 ## - PUBLICATION, DISTRIBUTION, ETC. | |
| Place of publication, distribution, etc. | Raleigh, NC: |
| Name of publisher, distributor, etc. | SciTech Publishing,, |
| Date of publication, distribution, etc. | c2006. |
| 300 ## - PHYSICAL DESCRIPTION | |
| Extent | xiii, 228 p. : |
| Other physical details | ill. ; |
| Dimensions | 24 cm. |
| 505 ## - FORMATTED CONTENTS NOTE | |
| Formatted contents note | Introduction (Page-1), Overview of EW (Page-11), Math for Simulation (Page-61), Radio Propagation (Page-83), Characterization of EW Equipment (Page-109), Threat Modeling (Page-139), Engaement Modeling (Page-161), Simulation for Treaning (Page-183), Emulation (Page-193), |
| 650 #0 - SUBJECT ADDED ENTRY--TOPICAL TERM | |
| Topical term or geographic name entry element | Electronics in military engineering |
| General subdivision | Computer simulation. |
| 9 (RLIN) | 95785 |
| 650 #0 - SUBJECT ADDED ENTRY--TOPICAL TERM | |
| Topical term or geographic name entry element | Electronics in military engineering |
| General subdivision | Mathematical models. |
| 9 (RLIN) | 95786 |
| 942 ## - ADDED ENTRY ELEMENTS (KOHA) | |
| Source of classification or shelving scheme | |
| Koha item type | Book |
| Withdrawn status | Lost status | Source of classification or shelving scheme | Damaged status | Not for loan | Permanent Location | Current Location | Shelving location | Date acquired | Full call number | Barcode | Date last seen | Price effective from | Koha item type | Public note |
|---|---|---|---|---|---|---|---|---|---|---|---|---|---|---|
| Military College of Signals (MCS) | Military College of Signals (MCS) | Reference | 12/12/2016 | 355.401,ADA | MCS37462 | 12/08/2016 | 12/12/2016 | Reference | Almirah No.18, Shelf No.5 |
